Statistics for Pokémon Real-Life Resemblances

Click here to take the quiz!

General Stats

  • This quiz has been taken 46,994 times
  • The average score is 17 of 22

Answer Stats

PokémonResemblance% Correct
SquirtleTurtle
98%
PersianCat
95%
TaurosBull
93%
EkansSnake
92%
RapidashHorse
92%
HorseaSeahorse
92%
HoothootOwl
91%
MareepSheep
88%
SharpedoShark
85%
VulpixFox
83%
KinglerCrab
82%
DewgongSea Lion
80%
UrsaringBear
78%
StantlerReindeer
78%
WailordWhale
78%
SudowoodoTree
76%
LunatoneMoon
68%
CombuskenChicken
64%
PelipperPelican
63%
MantineManta Ray
63%
VanillishIce Cream Cone
60%
LinooneBadger
47%

Score Distribution

Percentile by Number Answered

Percent of People with Each Score

Your Score History

You have not taken this quiz